书目信息 |
| 题名: |
日本语能力考试4级文字·词汇
|
|
| 作者: | 刘文照 , 海老原博 编著 | |
| 分册: | ||
| 出版信息: | 上海 华东理工大学出版社 2006.07 |
|
| 页数: | 281页 | |
| 开本: | 23cm | |
| 丛书名: | ||
| 单 册: | ||
| 中图分类: | H363 | |
| 科图分类: | ||
| 主题词: | 日语--ri yu--词汇--水平考试--自学参考资料 | |
| 电子资源: | ||
| ISBN: | 7-5628-1913-0 | |
| 000 | 00981nam0 2200253 450 | |
| 001 | 012006389774 | |
| 005 | 20061130110301.82 | |
| 010 | @a7-5628-1913-0@dCNY25.00 | |
| 100 | @a20061027d2006 km y0chiy0120 ea | |
| 101 | 0 | @achi@ajpn |
| 102 | @aCN@b310000 | |
| 105 | @ay z 001yy | |
| 200 | 1 | @a日本语能力考试4级文字·词汇@Ari ben yu neng li kao shi 4 ji wen zi·ci hui@f刘文照, 海老原博编著@Fliu wen zhao,hai lao yuan bo bian zhu |
| 210 | @a上海@c华东理工大学出版社@d2006.07 | |
| 215 | @a281页@d23cm | |
| 300 | @a对应新考试大纲 | |
| 320 | @a有索引. | |
| 330 | @a本书依据最新日本能力考试大纲编写。全书涵盖了4级考试的文字词汇。本书中的词汇基本都配了解释和例句,解说和练习按品词分类划分,便于读者清楚地了解4级中各个品词部分的词汇量,有的放矢准备考试。 | |
| 606 | 0 | @a日语@Ari yu@x词汇@x水平考试@j自学参考资料 |
| 690 | @aH363@v4 | |
| 701 | 0 | @a刘文照@Aliu wen zhao@4编著 |
| 701 | 0 | @a海老原博@Ahai lao yuan bo@4编著 |
| 801 | 0 | @aCN@c20061130 |
| 905 | @apdsgxy@dH363@eL689 | |
| 日本语能力考试4级文字·词汇/刘文照, 海老原博编著.-上海:华东理工大学出版社,2006.07 |
| 281页;23cm |
| 对应新考试大纲 |
| ISBN 7-5628-1913-0:CNY25.00 |
| 本书依据最新日本能力考试大纲编写。全书涵盖了4级考试的文字词汇。本书中的词汇基本都配了解释和例句,解说和练习按品词分类划分,便于读者清楚地了解4级中各个品词部分的词汇量,有的放矢准备考试。 |
| ● |
| 相关链接 |
|
|
|
正题名:日本语能力考试4级文字·词汇
索取号:H363/L689
 
预约/预借
| 序号 | 登录号 | 条形码 | 馆藏地/架位号 | 状态 | 备注 |
| 1 | 223581 | 202235811 | 语言库209/209语言库 127排1列3层/ [索取号:H363/L689] | 在馆 | |
| 2 | 223582 | 202235820 | 自科二线504/504自科库 45排2列2层/ [索取号:H363/L689] | 在馆 | |
| 3 | 223583 | 202235839 | 语言库209/209语言库 127排1列3层/ [索取号:H363/L689] | 在馆 |